| 000 | 00753nam a2200217Ia 4500 | ||
|---|---|---|---|
| 008 | 191130s2005##################000#0#eng## | ||
| 020 | _a9780520242968 | ||
| 022 | _a2004013430 | ||
| 040 |
_aACL _cACL |
||
| 082 | _a262.1214 RAP | ||
| 100 | _aRapp, Claudia | ||
| 245 |
_aHoly bishops in late antiquity : the nature of Christian leadership in an age of transition _cClaudia Rapp |
||
| 260 |
_aBerkeley _bUniversity of California Press _cc2005 |
||
| 300 | _axii, 346 p. : ill. ; 24 cm | ||
| 500 | _aIncludes bibliographical references (p. 303-338) and index | ||
| 650 | _aBishops - Rome | ||
| 650 | _aChurch history - Primitive and early church, ca. 30-600 | ||
| 990 | _aae10d2e6ac10000c79036c2bcf6d8645 | ||
| 991 | _a109415 | ||
| 999 |
_c206002 _d206002 |
||